[Event "Karlstad op"]
[Site "Karlstad"]
[Date "2019.12.29"]
[Round "7"]
[White "Haugli, Petter"]
[Black "Johnson, Daniel"]
[Result "0-1"]
[WhiteElo "2246"]
[BlackElo "2144"]
[PlyCount "112"]
[EventDate "2019.12.27"]
[EventType "swiss"]
[EventRounds "8"]
[EventCountry "SWE"]
[SourceTitle "CBM 195 Extra"]
[Source "ChessBase"]
[SourceDate "2020.05.31"]
[SourceVersion "1"]
[SourceVersionDate "2020.05.31"]
[SourceQuality "1"]

1. c4 e6 2. Nf3 Nf6 3. Nc3 d5 4. d4 Be7 5. Bf4 0-0 6. e3 b6 7. Bd3 dxc4 8. Bxc4 Bb7 9. 0-0 a6 10. Qe2 b5 11. Bb3 Nbd7 12. Rfd1 Qc8 13. Rac1 c5 14. dxc5 Nxc5 15. Bc2 Qe8 16. b4 Ncd7 17. a3 Nb6 18. Bb3 Nbd5 19. Nxd5 Nxd5 20. Bxd5 Bxd5 21. e4 Bb3 22. Rd2 Rc8 23. Rb1 Bc4 24. Qe3 f6 25. Bd6 Bxd6 26. Rxd6 Rd8 27. Rbd1 Rxd6 28. Rxd6 Qa8 29. e5 f5 30. Nd4 Rc8 31. h3 Re8 32. f3 a5 33. Qg5 Qc8 34. bxa5 Qc5 35. f4 Qxa3 36. Rd7 Qf8 37. Nc6 Bd5 38. Ne7+ Kh8 39. a6 Be4 40. a7 b4 41. Qh4 Qf7 42. Rd8 b3 43. Rb8 h6 44. Nc8 Kh7 45. Kh2 Rxc8 46. Rxc8 Qxa7 47. Qd8 b2 48. Qg8+ Kg6 49. Qxe6+ Kh7 50. Qg8+ Kg6 51. Qe6+ Kh5 52. Rg8 Bd5 53. Qe8+ Bf7 54. g4+ Kh4 55. Qd8+ g5 56. Qd2 b1Q 0-1

[Event "Karlstad op"]
[Site "Karlstad"]
[Date "2019.12.29"]
[Round "6"]
[White "Nordquelle, Daniel"]
[Black "Haugli, Petter"]
[Result "1/2-1/2"]
[WhiteElo "2226"]
[BlackElo "2246"]
[PlyCount "98"]
[EventDate "2019.12.27"]
[EventType "swiss"]
[EventRounds "8"]
[EventCountry "SWE"]
[SourceTitle "CBM 195 Extra"]
[Source "ChessBase"]
[SourceDate "2020.05.31"]
[SourceVersion "1"]
[SourceVersionDate "2020.05.31"]
[SourceQuality "1"]

1. e4 c5 2. b3 Nc6 3. Bb2 e6 4. f4 d5 5. Nc3 d4 6. Nce2 Nf6 7. d3 Be7 8. Nf3 e5 9. f5 g6 10. Ng3 h5 11. fxg6 fxg6 12. Bc1 h4 13. Ne2 Nh5 14. Rg1 g5 15. g4 hxg3 16. Nxg3 Nxg3 17. hxg3 g4 18. Nd2 Be6 19. a4 Qa5 20. Bb2 Rh2 21. Rg2 Rxg2 22. Bxg2 Nb4 23. Ke2 0-0-0 24. Nc4 Qc7 25. Ba3 Bg5 26. Bc1 Qg7 27. Bxg5 Qxg5 28. Qd2 Qg7 29. Rh1 Bxc4 30. bxc4 Rh8 31. Rxh8+ Qxh8 32. Qg5 Nxc2 33. Qxg4+ Kb8 34. Qh4 Qe8 35. a5 Ne3 36. Bh3 a6 37. Qf6 Qa4 38. Qf8+ Ka7 39. Qxc5+ Ka8 40. Qf8+ Ka7 41. Qc5+ Ka8 42. Qf8+ Ka7 43. Kf2 Qc2+ 44. Kf3 Qxd3 45. Qc5+ Ka8 46. Qc8+ Ka7 47. Qc5+ Ka8 48. Qc8+ Ka7 49. Qc5+ Ka8 1/2-1/2

[Event "Karlstad op"]
[Site "Karlstad"]
[Date "2019.12.28"]
[Round "4"]
[White "Haugli, Petter"]
[Black "Harren, Mats"]
[Result "1-0"]
[WhiteElo "2246"]
[BlackElo "2107"]
[PlyCount "55"]
[EventDate "2019.12.27"]
[EventType "swiss"]
[EventRounds "8"]
[EventCountry "SWE"]
[SourceTitle "CBM 195 Extra"]
[Source "ChessBase"]
[SourceDate "2020.05.31"]
[SourceVersion "1"]
[SourceVersionDate "2020.05.31"]
[SourceQuality "1"]

1. c4 e5 2. Nc3 Nf6 3. g3 d5 4. cxd5 Nxd5 5. Bg2 Nb6 6. e3 Be7 7. Nge2 0-0 8. 0-0 Kh8 9. f4 f6 10. b3 c6 11. Bb2 Bg4 12. h3 Be6 13. d4 N8d7 14. e4 Bg8 15. Kh2 a5 16. Qc2 Qb8 17. Rad1 Re8 18. dxe5 fxe5 19. fxe5 Nxe5 20. Nd4 Bf6 21. Nf5 Qa7 22. Ne2 a4 23. Bd4 Qa6 24. Nf4 Ned7 25. Nh5 axb3 26. axb3 Qa2 27. Qc1 Qxb3 28. Nhxg7 1-0

[Event "Olomouc op 22nd"]
[Site "Olomouc"]
[Date "2019.08.16"]
[Round "8"]
[White "Lee, Zhia Chen Zachary"]
[Black "Haugli, Petter"]
[Result "0-1"]
[WhiteElo "1747"]
[BlackElo "2224"]
[PlyCount "78"]
[EventDate "2019.08.10"]
[EventType "swiss"]
[EventRounds "9"]
[EventCountry "CZE"]
[SourceTitle "CBM 191 Extra"]
[Source "ChessBase"]
[SourceDate "2019.09.30"]
[SourceVersion "1"]
[SourceVersionDate "2019.09.30"]
[SourceQuality "1"]

1. c4 e5 2. g3 Nf6 3. Bg2 Nc6 4. Nc3 Bb4 5. Nd5 0-0 6. a3 Bc5 7. e3 Nxd5 8. cxd5 Ne7 9. Ne2 d6 10. d4 exd4 11. Nxd4 Nf5 12. Nxf5 Bxf5 13. b4 Qf6 14. Bd2 Bb6 15. 0-0 Rfe8 16. Qb3 Qg6 17. a4 a6 18. a5 Ba7 19. Rfc1 Re7 20. b5 axb5 21. Qxb5 Rb8 22. Ra4 Bd7 23. Qb3 Bxa4 24. Qxa4 Qd3 25. Qc2 Qxc2 26. Rxc2 Bc5 27. Rb2 b5 28. Bb4 Ree8 29. Bf1 Re4 30. Bxc5 dxc5 31. a6 Rb4 32. Rxb4 cxb4 33. d6 cxd6 34. Bg2 Rc8 35. Kf1 Rc1+ 36. Ke2 Ra1 37. Kd3 Rxa6 38. Bd5 Ra3+ 39. Kd4 Rc3 0-1

[Event "Nordic-ch"]
[Site "Sarpsborg"]
[Date "2019.06.26"]
[Round "8"]
[White "Haugli, Petter"]
[Black "Dragicevic, Drazen"]
[Result "1-0"]
[WhiteElo "2223"]
[BlackElo "2359"]
[PlyCount "127"]
[EventDate "2019.06.21"]
[EventType "swiss"]
[EventRounds "9"]
[EventCountry "NOR"]
[SourceTitle "EXT 2020"]
[Source "ChessBase"]
[SourceDate "2019.10.17"]
[SourceVersion "1"]
[SourceVersionDate "2019.10.17"]
[SourceQuality "1"]

1. c4 c5 2. Nc3 Nc6 3. g3 g6 4. Bg2 Bg7 5. Nf3 d6 6. 0-0 e5 7. a3 a5 8. Ne1 Be6 9. d3 Nge7 10. Nc2 d5 11. cxd5 Nxd5 12. Ne3 Nde7 13. Nc4 0-0 14. Bg5 f6 15. Be3 b6 16. Qa4 Rc8 17. Qb5 Bxc4 18. Qxc4+ Kh8 19. Bd2 Qd7 20. Qb5 Qc7 21. e3 Rfd8 22. Rfd1 f5 23. Rac1 Rb8 24. Qc4 Qd7 25. Be1 h6 26. Qb5 Qd6 27. Qc4 Qd7 28. Qb5 Qe6 29. b3 Na7 30. Qc4 Qd7 31. a4 Nac6 32. Bf3 Nb4 33. Be2 h5 34. Nb5 Nec6 35. Bxb4 axb4 36. Bf3 Na5 37. Qc2 Qf7 38. Rb1 Rbc8 39. Be2 Kh7 40. Bf3 Kh8 41. h4 Qe6 42. Bg2 Rf8 43. Bf3 Rf7 44. d4 cxd4 45. Qd2 Rd7 46. exd4 e4 47. Be2 Qe7 48. d5 Bc3 49. Qh6+ Qh7 50. Qe3 Be5 51. Qxb6 Rc2 52. Nd4 Bxd4 53. Qxd4+ Qg7 54. Bb5 Qxd4 55. Rxd4 Rd6 56. Bf1 Rc3 57. Rxb4 Rxd5 58. Rb5 Rxb5 59. axb5 Kg7 60. Ra1 Nxb3 61. Ra3 f4 62. b6 fxg3 63. b7 gxf2+ 64. Kg2 1-0

[Event "Nordic-ch"]
[Site "Sarpsborg"]
[Date "2019.06.23"]
[Round "4"]
[White "Haugli, Petter"]
[Black "Kreken, Eivind Grunt"]
[Result "1-0"]
[WhiteElo "2223"]
[BlackElo "1784"]
[PlyCount "65"]
[EventDate "2019.06.21"]
[EventType "swiss"]
[EventRounds "9"]
[EventCountry "NOR"]
[SourceTitle "CBM 191 Extra"]
[Source "ChessBase"]
[SourceDate "2019.09.30"]
[SourceVersion "1"]
[SourceVersionDate "2019.09.30"]
[SourceQuality "1"]

1. c4 c5 2. Nc3 Nf6 3. g3 d5 4. cxd5 Nxd5 5. Bg2 Nc7 6. Nf3 Nc6 7. 0-0 e5 8. d3 Be7 9. Nd2 Bd7 10. Nc4 f6 11. f4 b5 12. Ne3 exf4 13. Rxf4 0-0 14. Nf5 g6 15. Nxe7+ Qxe7 16. Rf2 Rab8 17. Bh6 Rfc8 18. Ne4 Nd5 19. Qf1 f5 20. Bg5 Qf8 21. Nc3 Nxc3 22. bxc3 Be6 23. e4 Qg7 24. exf5 gxf5 25. Bf4 Rb7 26. Re1 Qd7 27. Be3 Qd6 28. Bxc5 Qd7 29. Qe2 Bd5 30. Bh3 Qg7 31. Bxf5 Rd8 32. Be6+ Bxe6 33. Qxe6+ 1-0

[Event "Konnerud NGP A"]
[Site "Konnerud"]
[Date "2018.12.02"]
[Round "5"]
[White "Haugli, Petter"]
[Black "Gonzalez, Francisco Silva"]
[Result "1-0"]
[WhiteElo "2222"]
[BlackElo "2131"]
[PlyCount "64"]
[EventDate "2018.12.01"]
[EventType "swiss"]
[EventRounds "5"]
[EventCountry "NOR"]
[SourceTitle "EXT 2024"]
[Source "ChessBase"]
[SourceDate "2023.10.10"]
[SourceVersion "1"]
[SourceVersionDate "2023.10.10"]
[SourceQuality "1"]

1. c4 e5 2. Nc3 Nc6 3. g3 Bc5 4. Bg2 d6 5. e3 a6 6. Nge2 Ba7 7. d4 Bd7 8. b3 h5 9. h3 Nge7 10. Bb2 Bf5 11. Qd2 Ng6 12. Nd5 h4 13. g4 Bd7 14. f4 exf4 15. exf4 f5 16. g5 0-0 17. 0-0 Re8 18. Rae1 b5 19. Nc1 Rb8 20. Kh2 bxc4 21. bxc4 Na5 22. Ne3 c6 23. Bc3 Nb7 24. Qd3 Qc8 25. Nb3 Rf8 26. Nc2 Qc7 27. Nb4 Qb6 28. c5 dxc5 29. dxc5 Nxc5 30. Nxc5 Qxc5 31. Nxa6 Qb5 32. Qxd7 Qxa6 1-0

[Event "Konnerud NGP A"]
[Site "Konnerud"]
[Date "2018.12.01"]
[Round "3"]
[White "Haugli, Petter"]
[Black "Christiansen, Johan Sebastian"]
[Result "0-1"]
[WhiteElo "2222"]
[BlackElo "2555"]
[PlyCount "40"]
[EventDate "2018.12.01"]
[EventType "swiss"]
[EventRounds "5"]
[EventCountry "NOR"]
[SourceTitle "EXT 2024"]
[Source "ChessBase"]
[SourceDate "2023.10.10"]
[SourceVersion "1"]
[SourceVersionDate "2023.10.10"]
[SourceQuality "1"]

1. c4 e5 2. Nc3 Nc6 3. g3 Bc5 4. Bg2 d6 5. e3 a6 6. Nge2 Ba7 7. d4 Nf6 8. Bxc6+ bxc6 9. dxe5 Ng4 10. exd6 Ne5 11. f4 Nxc4 12. dxc7 Qxc7 13. Kf2 0-0 14. b3 Nd6 15. Ba3 Nf5 16. Nd4 Rd8 17. Nce2 c5 18. Qc1 Nxe3 19. Qxe3 cxd4 20. Qd3 Qa5 0-1

[Event "Helsingor Xtracon op"]
[Site "Helsingor"]
[Date "2018.07.28"]
[Round "9"]
[White "Christiansen, Arne"]
[Black "Haugli, Petter"]
[Result "0-1"]
[WhiteElo "2032"]
[BlackElo "2231"]
[PlyCount "78"]
[EventDate "2018.07.21"]
[EventType "swiss"]
[EventRounds "10"]
[EventCountry "DEN"]
[SourceTitle "CBM 185 Extra"]
[Source "ChessBase"]
[SourceDate "2018.07.29"]
[SourceVersion "1"]
[SourceVersionDate "2018.07.29"]
[SourceQuality "1"]

1. d4 Nf6 2. Nf3 g6 3. g3 Bg7 4. Bg2 0-0 5. 0-0 d6 6. c4 Nc6 7. Nc3 Bf5 8. b3 Ne4 9. Bb2 Nxc3 10. Bxc3 Be4 11. Qd2 d5 12. e3 Qd7 13. Rfd1 e6 14. Ne1 Bxg2 15. Nxg2 Rfd8 16. cxd5 exd5 17. Nf4 Ne7 18. Rac1 Nf5 19. Bb4 c6 20. Kg2 h5 21. a4 Re8 22. Re1 Rac8 23. Qd3 h4 24. Qd1 Bh6 25. Kh1 hxg3 26. hxg3 Bxf4 27. gxf4 Nh4 28. Kh2 Kg7 29. Rh1 Rh8 30. Kg3 Nf5+ 31. Kf3 Rxh1 32. Qxh1 Qe6 33. Qd1 Qe4+ 34. Ke2 Rh8 35. Qd3 Ng3+ 36. Kd2 Rh2 37. Qxe4 Nxe4+ 38. Ke2 Rxf2+ 39. Kd3 Rb2 0-1

[Event "Helsingor Xtracon op"]
[Site "Helsingor"]
[Date "2018.07.22"]
[Round "2"]
[White "Tenold, Andreas"]
[Black "Haugli, Petter"]
[Result "0-1"]
[WhiteElo "1865"]
[BlackElo "2231"]
[PlyCount "82"]
[EventDate "2018.07.21"]
[EventType "swiss"]
[EventRounds "10"]
[EventCountry "DEN"]
[SourceTitle "CBM 185 Extra"]
[Source "ChessBase"]
[SourceDate "2018.07.29"]
[SourceVersion "1"]
[SourceVersionDate "2018.07.29"]
[SourceQuality "1"]

1. d4 Nf6 2. c4 g6 3. f3 Bg7 4. e4 d6 5. Nc3 0-0 6. Be3 Nc6 7. Nge2 a6 8. Qd2 Rb8 9. a4 a5 10. Ng3 e5 11. d5 Nd4 12. Bxd4 exd4 13. Nb5 c6 14. Nxd4 Qb6 15. Rd1 Nd7 16. Be2 Nc5 17. Qe3 Nxa4 18. b3 Nc5 19. Kf2 Bd7 20. Rd2 cxd5 21. cxd5 Qb4 22. Rb1 Rfc8 23. Nc2 Qc3 24. Nd4 Qxe3+ 25. Kxe3 h5 26. b4 axb4 27. Rxb4 h4 28. Nh1 Bh6+ 29. f4 Re8 30. Nb5 Bxb5 31. Bxb5 Re7 32. Kf3 Ra8 33. Nf2 f5 34. exf5 gxf5 35. g4 hxg3 36. hxg3 Ra3+ 37. Kg2 Rg7 38. Nh1 Ne4 39. Rd3 Ra2+ 40. Kh3 Rh7 41. Rxe4 Bf8# 0-1

[Event "Deltalift op"]
[Site "Tylosand"]
[Date "2018.05.11"]
[Round "6"]
[White "Haugli, Petter"]
[Black "Neretljak, Nedzad"]
[Result "0-1"]
[WhiteElo "2245"]
[BlackElo "2099"]
[PlyCount "148"]
[EventDate "2018.05.10"]
[EventType "swiss"]
[EventRounds "8"]
[EventCountry "SWE"]
[SourceTitle "CBM 184 Extra"]
[Source "ChessBase"]
[SourceDate "2018.06.28"]
[SourceVersion "1"]
[SourceVersionDate "2018.06.28"]
[SourceQuality "1"]

1. c4 e5 2. Nc3 Nc6 3. g3 g6 4. Bg2 Bg7 5. Nf3 d6 6. 0-0 Nf6 7. d3 0-0 8. Rb1 Nh5 9. b4 f5 10. b5 Ne7 11. Qb3 Kh8 12. a4 h6 13. Ba3 c5 14. bxc6 bxc6 15. Nd2 Nf6 16. Qb4 Ne8 17. e3 g5 18. Ne2 Qc7 19. d4 Rf7 20. c5 d5 21. dxe5 Bxe5 22. Nf3 Bg7 23. h4 g4 24. Nfd4 Be5 25. Nf4 Ng7 26. Rfd1 Kh7 27. Bf1 Ng6 28. Nxg6 Kxg6 29. Kh2 Nh5 30. Ne2 Nf6 31. Nf4+ Bxf4 32. exf4 Ne4 33. Kg1 Qd8 34. Bd3 Qf8 35. Qd4 Qg7 36. Bb2 Qxd4 37. Bxd4 h5 38. Rb2 Rb7 39. Rxb7 Bxb7 40. Rb1 Nd2 41. Rxb7 Nf3+ 42. Kg2 Nxd4 43. a5 Ne6 44. Bf1 Rc8 45. Rxa7 Nxc5 46. a6 d4 47. Re7 d3 48. a7 d2 49. Be2 Ne4 50. Rc7 Ra8 51. Rxc6+ Kf7 52. Ra6 Nc3 53. Kf1 d1Q+ 54. Bxd1 Nxd1 55. Ke2 Nc3+ 56. Ke3 Nb5 57. Ra5 Nd6 58. Kd4 Ke6 59. Re5+ Kf6 60. Kd5 Nc8 61. Re6+ Kf7 62. Rh6 Ne7+ 63. Ke5 Rxa7 64. Rxh5 Ra5+ 65. Kd4 Ra2 66. Ke3 Nd5+ 67. Kd4 Ke6 68. Rh6+ Nf6 69. Ke3 Kf7 70. Rh8 Ne4 71. Rb8 Rxf2 72. h5 Rf3+ 73. Kd4 Nxg3 74. Rb7+ Kf6 0-1

[Event "Copenhagen Challenge"]
[Site "Ballerup"]
[Date "2018.04.29"]
[Round "9"]
[White "Strange, Mikkel"]
[Black "Haugli, Petter"]
[Result "1/2-1/2"]
[WhiteElo "2363"]
[BlackElo "2250"]
[PlyCount "88"]
[EventDate "2018.04.25"]
[EventType "swiss"]
[EventRounds "9"]
[EventCountry "DEN"]
[SourceTitle "CBM 184 Extra"]
[Source "ChessBase"]
[SourceDate "2018.06.28"]
[SourceVersion "1"]
[SourceVersionDate "2018.06.28"]
[SourceQuality "1"]

1. e4 c5 2. c3 e6 3. d4 d5 4. e5 Nc6 5. Nf3 Nge7 6. a3 Nf5 7. b4 cxd4 8. cxd4 Bd7 9. Bb2 b5 10. Bd3 a5 11. Bxf5 exf5 12. bxa5 Nxa5 13. 0-0 Nc4 14. Qc2 b4 15. axb4 Rxa1 16. Bxa1 Bxb4 17. Bc3 Be7 18. Nbd2 Qc8 19. Qb3 0-0 20. Bb4 Bxb4 21. Qxb4 Be6 22. Rb1 h6 23. Nb3 Qb8 24. Nc5 Qxb4 25. Rxb4 Ra8 26. g3 Ra1+ 27. Kg2 Ra2 28. Rb3 g5 29. h4 g4 30. Ne1 Nd2 31. Rb8+ Kg7 32. Rb7 Kf8 33. Ncd3 Ne4 34. Rb2 Ra4 35. Nc2 Nd2 36. Nf4 Nf3 37. Nh5 Ke7 38. Nf4 Nxd4 39. Rb7+ Ke8 40. Nxd4 Rxd4 41. Nxe6 fxe6 42. Rb6 Kd7 43. Rb7+ Ke8 44. Rb6 Kd7 1/2-1/2

[Event "NOR-ch Elite qual"]
[Site "Oslo"]
[Date "2018.04.08"]
[Round "3.1"]
[White "Haugli, Petter"]
[Black "Stojanovic, Mihajlo"]
[Result "0-1"]
[WhiteElo "2250"]
[BlackElo "2475"]
[PlyCount "67"]
[EventDate "2018.04.06"]
[EventType "team-tourn"]
[EventRounds "3"]
[EventCountry "NOR"]
[SourceTitle "CBM 183 Extra"]
[Source "ChessBase"]
[SourceDate "2018.04.19"]
[SourceVersion "1"]
[SourceVersionDate "2018.04.19"]
[SourceQuality "1"]
[WhiteTeam "Moss"]
[BlackTeam "Hell"]
[WhiteTeamCountry "NOR"]
[BlackTeamCountry "NOR"]

1. c4 e6 2. Nc3 d5 3. d4 Nf6 4. Nf3 Nbd7 5. e3 b6 6. cxd5 exd5 7. Bd3 Bb7 8. 0-0 Bd6 9. b3 a6 10. Bb2 0-0 11. Ne2 Qe7 12. Ng3 g6 13. Rc1 Ne4 14. Bxe4 dxe4 15. Nd2 b5 16. b4 Bd5 17. Ne2 c6 18. a3 a5 19. bxa5 Rxa5 20. Nb3 Raa8 21. Nc5 Nxc5 22. dxc5 Bxc5 23. Nd4 Qd6 24. Qg4 f5 25. Qg5 Bxa3 26. Bxa3 Rxa3 27. Rfd1 Rd3 28. h4 Rxd1+ 29. Rxd1 Bc4 30. Rb1 c5 31. Nxb5 Qd3 32. Rc1 Bxb5 33. Rxc5 Qd1+ 34. Kh2 0-1

[Event "Deltalift op"]
[Site "Tylosand"]
[Date "2017.05.25"]
[Round "4"]
[White "Haugli, Petter"]
[Black "Svorono, Gabriel"]
[Result "1-0"]
[WhiteElo "2257"]
[BlackElo "2022"]
[PlyCount "115"]
[EventDate "2017.05.25"]
[EventType "swiss"]
[EventRounds "8"]
[EventCountry "SWE"]
[SourceTitle "CBM 178 Extra"]
[Source "ChessBase"]
[SourceDate "2017.06.22"]
[SourceVersion "1"]
[SourceVersionDate "2017.06.22"]
[SourceQuality "1"]

1. c4 c5 2. Nc3 Nc6 3. g3 g6 4. Bg2 Bg7 5. Nf3 Nf6 6. d4 cxd4 7. Nxd4 0-0 8. 0-0 Nxd4 9. Qxd4 d6 10. Qd3 Nd7 11. b3 Nc5 12. Qd2 Be6 13. Bb2 Qb6 14. e4 a5 15. Nd5 Bxd5 16. Bxg7 Kxg7 17. exd5 f6 18. Rfe1 Rfe8 19. Re3 Rac8 20. Rae1 Rc7 21. Qb2 Kf7 22. h4 h5 23. Bh3 f5 24. Qd4 Nd7 25. Qf4 Nf6 26. Kg2 Qc5 27. a4 Qa3 28. f3 Kg7 29. R1e2 Qa1 30. g4 fxg4 31. fxg4 hxg4 32. Bxg4 Qb1 33. Rg3 Nxg4 34. Qxg4 Rf8 35. Rf2 Rcc8 36. Rgf3 Rxf3 37. Qxf3 Qf5 38. Qxf5 gxf5 39. Rxf5 Kg6 40. Rf3 Rh8 41. Kg3 Rh5 42. Re3 Rh7 43. Kg4 Rg7 44. h5+ Kf6+ 45. Kf4 Rg1 46. Rh3 Rf1+ 47. Ke4 Kg7 48. h6+ Kh7 49. Kd4 Rd1+ 50. Kc3 Rc1+ 51. Kd2 Rf1 52. Re3 Rf7 53. Re6 Kg8 54. Kc3 Rf3+ 55. Kb2 Rf7 56. Ka3 Kf8 57. Rg6 Rf2 58. h7 1-0

[Event "Fagernes TV2 GM op"]
[Site "Fagernes"]
[Date "2017.04.10"]
[Round "2"]
[White "Urkedal, Frode Olav Olsen"]
[Black "Haugli, Petter"]
[Result "1-0"]
[WhiteElo "2552"]
[BlackElo "2257"]
[PlyCount "65"]
[EventDate "2017.04.09"]
[EventType "swiss"]
[EventRounds "9"]
[EventCountry "NOR"]
[SourceTitle "CBM 177 Extra"]
[Source "ChessBase"]
[SourceDate "2017.04.27"]
[SourceVersion "1"]
[SourceVersionDate "2017.04.27"]
[SourceQuality "1"]

1. d4 Nf6 2. c4 g6 3. Nc3 Bg7 4. e4 d6 5. Nf3 0-0 6. h3 e5 7. d5 a5 8. g4 Na6 9. Be3 Nd7 10. a3 Nac5 11. Rg1 a4 12. Nd2 Kh8 13. Qc2 f5 14. gxf5 gxf5 15. exf5 Nf6 16. Be2 e4 17. 0-0-0 Bxf5 18. Rg3 Nd3+ 19. Kb1 Qe7 20. Rdg1 Rf7 21. f3 Nc5 22. Bxc5 dxc5 23. fxe4 Bg6 24. h4 Re8 25. Bf3 Bh6 26. h5 Nxh5 27. Rxg6 hxg6 28. Rxg6 Bxd2 29. Bxh5 Bf4 30. Re6 Qf8 31. Rxe8 Qxe8 32. Qf2 Kg7 33. Qxf4 1-0

[Event "Kragero op"]
[Site "Kragero"]
[Date "2017.02.25"]
[Round "7"]
[White "Haugli, Petter"]
[Black "Ingebretsen, Jens E"]
[Result "0-1"]
[WhiteElo "2260"]
[BlackElo "1988"]
[PlyCount "42"]
[EventDate "2017.02.22"]
[EventType "swiss"]
[EventRounds "9"]
[EventCountry "NOR"]
[SourceTitle "CBM 177 Extra"]
[Source "ChessBase"]
[SourceDate "2017.04.27"]
[SourceVersion "1"]
[SourceVersionDate "2017.04.27"]
[SourceQuality "1"]

1. c4 e5 2. Nc3 Nf6 3. g3 Bb4 4. Bg2 0-0 5. e4 Bxc3 6. bxc3 Re8 7. d3 c6 8. Qb3 Na6 9. Ne2 Nc5 10. Qc2 d5 11. cxd5 cxd5 12. exd5 Bf5 13. 0-0 Bxd3 14. Qd1 e4 15. Be3 Rc8 16. Re1 Nxd5 17. Bd4 Ne6 18. Rc1 b5 19. Bxa7 Qa5 20. Bd4 Qxa2 21. f3 Qc4 0-1

[Event "Kragero op"]
[Site "Kragero"]
[Date "2017.02.25"]
[Round "6"]
[White "Stanford, Sheila Barth"]
[Black "Haugli, Petter"]
[Result "1/2-1/2"]
[WhiteElo "2169"]
[BlackElo "2260"]
[PlyCount "106"]
[EventDate "2017.02.22"]
[EventType "swiss"]
[EventRounds "9"]
[EventCountry "NOR"]
[SourceTitle "CBM 177 Extra"]
[Source "ChessBase"]
[SourceDate "2017.04.27"]
[SourceVersion "1"]
[SourceVersionDate "2017.04.27"]
[SourceQuality "1"]

1. e4 c5 2. Nf3 e6 3. d4 cxd4 4. Nxd4 a6 5. Nc3 Qc7 6. Bd3 Nf6 7. 0-0 Bd6 8. h3 0-0 9. Bg5 Be7 10. Qe2 d6 11. a4 Nc6 12. Nxc6 bxc6 13. e5 dxe5 14. Rfe1 h6 15. Bh4 g5 16. Bg3 Nd7 17. h4 Kg7 18. hxg5 hxg5 19. Bc4 Rh8 20. Rad1 Rh6 21. Bxe5+ Nxe5 22. Qxe5+ Qxe5 23. Rxe5 Rb8 24. b3 f5 25. Ne2 Kf6 26. Re3 e5 27. Rc3 a5 28. Ng3 Rb6 29. Rcd3 e4 30. R3d2 Ke5 31. Bf7 Rd6 32. Rxd6 Bxd6 33. Bg6 Be7 34. Be8 Be6 35. Bd7 Rb7 36. Bxe6 Kxe6 37. Ne2 Bf6 38. Nd4+ Bxd4 39. Rxd4 c5 40. Rd8 c4 41. Re8+ Kf6 42. Ra8 cxb3 43. Ra6+ Ke5 44. Rxa5+ Kf4 45. cxb3 Rxb3 46. g3+ Kg4 47. Re5 Ra3 48. a5 Ra4 49. Kg2 Ra1 50. Kh2 Ra4 51. Kg2 Ra2 52. Kg1 f4 53. Rxe4 Rxa5 1/2-1/2